000 00211 a2200097 4500
001 49650
100 _aBeauer
245 _aAmorican Critieal Essaye
260 _aLondon
_bOxford Press
_c
090 _c32163
_d32163
942 _aNUST-CAE
_cM
_c24629
999 _c284723
_d284723